| 000 | 00525nam a2200205 a 4500 | ||
|---|---|---|---|
| 001 | 12736 | ||
| 003 | BD-JhCC | ||
| 005 | 20230509165359.0 | ||
| 008 | 230509s2021 ii |||| |||| 000 0 eng d | ||
| 020 | _a9789387779402 | ||
| 035 | _a(BD-JhCC)12736 | ||
| 040 |
_aBD-JhCC _dBD-JhCC |
||
| 041 | _aeng | ||
| 082 |
_a909.08 _bWOR 2021 |
||
| 245 | _a100 world's greaest speeches / | ||
| 260 |
_aNew Delhi ; _bFingerprint Classics, _c2021. |
||
| 300 |
_a631 p. : _c20 cm. |
||
| 650 | _aSpeeches, addresses, etc | ||
| 942 |
_2ddc _cBK |
||
| 999 |
_c12736 _d12736 |
||